000 00627nam a2200241Ia 4500
003 OSt
005 20221005121343.0
006 a|||||r|||| 00| 0
007 ta
008 221004b |||||||| |||| 00| 0 mar d
024 _a46453
037 _cTextual
040 _aCRL
_cCRL
_bmar
041 _2mar
_amar
082 _aO155,3NKE2,1, L5
100 _akelkar Indumati Au.
_9630458
245 0 _aHai to stri chi icha
260 _c1975
300 _a223p.
_ccm.
650 _aMARATHI LITERATURE
_938000
942 _hO155,3NKE2,1, L5
_cTEXL
_2cc
999 _c1040880
_d1040880